Mitchell automechanics / (Record no. 9336)
[ view plain ]
| 000 -LEADER | |
|---|---|
| fixed length control field | 00851pam a2200277 a 4500 |
| 001 - CONTROL NUMBER | |
| control field | 2386949 |
| 003 - CONTROL NUMBER IDENTIFIER | |
| control field | Ost |
| 005 - DATE AND TIME OF LATEST TRANSACTION | |
| control field | 20140310182108.0 |
| 008 - FIXED-LENGTH DATA ELEMENTS--GENERAL INFORMATION | |
| fixed length control field | 850708s1986 njua 001 0 eng |
| 010 ## - LIBRARY OF CONGRESS CONTROL NUMBER | |
| LC control number | 85016861 |
| 020 ## - INTERNATIONAL STANDARD BOOK NUMBER | |
| International Standard Book Number | 0135861241 |
| Terms of availability | $29.95 |
| 040 ## - CATALOGING SOURCE | |
| Original cataloging agency | DLC |
| Transcribing agency | DLC |
| Modifying agency | DLC |
| 050 00 - LIBRARY OF CONGRESS CALL NUMBER | |
| Classification number | TL 205 |
| Item number | .M53 1986 |
| 082 00 - DEWEY DECIMAL CLASSIFICATION NUMBER | |
| Classification number | HS 629.28 |
| Item number | .M692 1986 |
| 245 00 - TITLE STATEMENT | |
| Title | Mitchell automechanics / |
| Statement of responsibility, etc | Mitchell Information Services, Inc. |
| 260 ## - PUBLICATION, DISTRIBUTION, ETC. (IMPRINT) | |
| Place of publication, distribution, etc | Englewood Cliffs, N.J. : |
| Name of publisher, distributor, etc | Prentice-Hall, |
| Date of publication, distribution, etc | c1986. |
| 300 ## - PHYSICAL DESCRIPTION | |
| Extent | xviii, 696 p. : |
| Other physical details | ill. (some col.) ; |
| Dimensions | 28 cm. |
| 500 ## - GENERAL NOTE | |
| General note | Includes index. |
| 541 ## - IMMEDIATE SOURCE OF ACQUISITION NOTE | |
| -- | 1 |
| 562 ## - COPY AND VERSION IDENTIFICATION NOTE | |
| Number of copies | 1 |
| 650 #0 - SUBJECT ADDED ENTRY--TOPICAL TERM | |
| Topical term or geographic name as entry element | Automobiles. |
| 9 (RLIN) | 11840 |
| 650 #0 - SUBJECT ADDED ENTRY--TOPICAL TERM | |
| Topical term or geographic name as entry element | Automobiles |
| General subdivision | Maintenance and repair. |
| 9 (RLIN) | 13270 |
| 710 2# - ADDED ENTRY--CORPORATE NAME | |
| Corporate name or jurisdiction name as entry element | Mitchell Information Services. |
| 9 (RLIN) | 13271 |
| 906 ## - LOCAL DATA ELEMENT F, LDF (RLIN) | |
| a | 7 |
| b | cbc |
| c | orignew |
| d | 1 |
| e | ocip |
| f | 19 |
| g | y-gencatlg |
| 942 ## - ADDED ENTRY ELEMENTS (KOHA) | |
| Source of classification or shelving scheme | Library of Congress Classification |
| Koha item type | |
| Call number prefix | |
| Withdrawn status | Lost status | Source of classification or shelving scheme | Damaged status | Home library | Current library | Shelving location | Date acquired | Total Checkouts | Full call number | Barcode | Date last seen | Copy number | Price effective from | Koha item type |
|---|---|---|---|---|---|---|---|---|---|---|---|---|---|---|
| Library of Congress Classification | Luxembourg Library | Luxembourg Library | High School Section | 08/24/2013 | TL 205 .M53 1986 | 6202 | 08/24/2013 | 1 | 08/24/2013 | Books |